000 00692nab a2200205 4500
001 244442
003 OSt
005 20230531122658.0
007 tu
008 200917s2020|||||||
040 _aDE-2950
_cDE-2950
245 0 0 _aDie Region unter einem Dach.
_bVermarktung. Im Zuge der Tesla-Investition wollen die Wirtschaftsförderer weitere Unternehmen anlocken. Deshalb wird mit einer neuen Marke geworben /
_cRalf Loock
264 _c2023
653 _aLandkreis Märkisch-Oderland
653 _aLandkreis Oder-Spree
653 _aFrankfurt (Oder)
653 _aMarketing
773 0 _g34. Jahrgang (2023) Nr. 119 vom 24.05.2023, S. 16: mit Foto
_tMärkische Oderzeitung
942 _2z
_cA
999 _c372485
_d372485